000
00216nam a22000857a 4500
001
1235169
005
20250930105810.0
245
_a
ZAMAN ÇOK VE ZAMAN YOK
_c
brıgıtte labbe
260
_b
GÜNIŞIĞI KİTAPLIĞI YAYINLARI
999
_c
1235169
_d
1235169